000 00668nam a2200241Ia 4500
003 OSt
005 20220918202244.0
006 a|||||r|||| 00| 0
007 ta
008 220917b |||||||| |||| 00| 0 eng d
024 _a99,844
037 _cTextual
040 _aARTS
_cARTS
_beng
041 _2eng
_aeng
082 _aV2:5, M3
100 _aAgarwal H O
_9102935
245 0 _aImplementation of human rights covenants with special reference to India
260 _aAllahabad
_bKitab Mahal
_c1983
300 _a210p.
_ccm.
650 _aHISTORY; HUMAN RIGHTS
_996877
942 _hV2:5, M3
_cTEXL
_2CC
999 _c223405
_d223405